| 000 | 00548nam a2200193 a 4500 | ||
|---|---|---|---|
| 005 | 20210223131757.0 | ||
| 008 | 120627s2008 mx r 000 0 spa d | ||
| 020 | _a9789876327022 | ||
| 035 | _aUPN01000185544 | ||
| 049 | _aCG | ||
| 050 | 4 |
_aF3126 _bL6.5 |
|
| 100 | 1 | _aLobos, Omar | |
| 245 | 1 | 4 |
_aLos mapuches / _cOmar Lobos. |
| 260 |
_aBuenos Aires : _bDel Sol, _c2008. |
||
| 300 |
_a90 p. : _bil. col. |
||
| 440 | 0 | _aSenderos de los pueblos originarios de América | |
| 650 | 4 |
_aARAUCANOS - _xVIDA SOCIAL Y COSTUMBRES _921096 |
|
| 905 | _aLibro | ||
| 999 |
_c157647 _d157647 |
||